The moving image and Assamese culture : (Record no. 94464)

MARC details
000 -LEADER
fixed length control field 01232nam a22002537a 4500
005 - DATE AND TIME OF LATEST TRANSACTION
control field 20150703105832.0
010 ## - LCCN (DPL NO)
LC control number ENG-113323
020 ## - INTERNATIONAL STANDARD BOOK NUMBER
Terms of availability 850.00
International Standard Book Number 0198099282
020 ## - INTERNATIONAL STANDARD BOOK NUMBER
Terms of availability 850.00
International Standard Book Number 9780198099284
035 ## - SYSTEM CONTROL NUMBER
System control number EN-96855
037 ## - SOURCE OF ACQUISITION
Source of stock number/acquisition DBAD/PUB
082 ## - DEWEY DECIMAL CLASSIFICATION NUMBER
Classification number 791.430954162
100 ## - MAIN ENTRY--PERSONAL NAME
Personal name Sharma, Bobbeeta
245 ## - TITLE STATEMENT
Title The moving image and Assamese culture :
Statement of responsibility, etc by Bobbeeta Sharma
Remainder of title Joymoti, Jyotiprasad Agarwala, and Assamese cinema /
260 ## - PUBLICATION, DISTRIBUTION, ETC. (IMPRINT)
Place of publication, distribution, etc New Delhi
Name of publisher, distributor, etc Oxford University Press
Date of publication, distribution, etc 2014
270 ## - ADDRESS
Address YMCA Library Building, 1 Jai Singh Road,
City New Delhi
Postal code 110001
300 ## - PHYSICAL DESCRIPTION
Extent xxxvii,184p. :
Dimensions 23cm(Hb)
Other physical details ill.
500 ## - GENERAL NOTE
General note Includes bibliographical references (pages 158-163) and index.
500 ## - GENERAL NOTE
General note Includes filmography (pages 164-166).
505 ## - FORMATTED CONTENTS NOTE
Formatted contents note Performing arts before the birth of Assamese cinema -- Advent of popular culture : theatre and cinema -- Jyotiprasad Agarwala -- The making of Joymoti -- Responses to Joymoti -- After Joymoti : seventy-five years of Assamese cinema -- Journey down the line : conversations.
600 ## - SUBJECT ADDED ENTRY--PERSONAL NAME
Personal name Agarwala, Jyotiprasad,
Dates associated with a name 1903-1951.
650 ## - SUBJECT ADDED ENTRY--TOPICAL TERM
Topical term or geographic name as entry element Motion pictures
Geographic subdivision India
-- Assam
General subdivision History
Chronological subdivision 20th century.
942 ## - ADDED ENTRY ELEMENTS (KOHA)
Source of classification or shelving scheme Dewey Decimal Classification
Item type English Books
Call number suffix SHA
Classification part 791.430954162
Holdings
Withdrawn status Lost status Not for loan Collection code Home library Current library Date acquired Source of acquisition Cost, normal purchase price Full call number Barcode Copy number Cost, replacement price Koha item type
    Not For Loan Non-fiction D.B.Act.Division D.B.Act.Division 23/06/2015 DBAD/PUB 850.00 791.430954162 SHA EN-96855 1 850.00 English Books

© Delhi Public Library
Hit Counter
free hit counter